000 00460nam a2200181Ia 4500
003 GCL
008 140319s9999 xx 000 0 ara d
040 _aGCL /
_cGCL
082 0 4 _a813.03
_bح ر
100 1 _aحنيفة فتحى
245 1 0 _aالرجل الذى احبه /
_cحنيفة فتحى
300 _a196 ص
490 _a
650 0 4 _aالادب العربى
650 0 4 _aالقصص العربية
650 0 4 _aالقصة
942 _2ddc
_cBK
999 _c38168
_d38168